Dnes s prezidentom Slovenskej lekárnickej komory PharmDr. Petrom Mihálikom

Bibliographic Details
Other Authors: Prachárová, Beata (Interviewer)
Format: Article
Language:Slovak
ISSN:1335-5821
Subjects:

MARC

LEADER 00000nab a2200000 a 4500
001 vtls000776503
003 SK-MaSNL
005 20260304122125.0
008 250429c2001 xo 0 slo
015 |a SNBRB2002/01-00025 
035 |a CLN000128289 
035 |a urn:nbn:sk:snk-abmxn 
035 |a (urnnbn)urn:nbn:sk:snk:ar-a03xaw 
035 |a (uuid)2e2d2c9e-edd3-4938-89a7-2b931f6ced3a 
040 |a SNKBUCL  |b slo  |c SNKBUCL  |e AACR2 
041 0 |a slo 
044 |a xo  |c SK 
080 |a 615.1  |2 1997 
100 1 |a Prachárová, Beata  |4 ivr  |9 1401555 
245 1 0 |a Dnes s prezidentom Slovenskej lekárnickej komory PharmDr. Petrom Mihálikom  |c Beata Prachárová, Peter Mihálik 
650 0 7 |a farmaceuti  |x združenia profesionálne  |2 snkbucl  |9 1427867 
650 0 7 |a lekárne  |x ekonomika  |x zákonodarstvo  |2 snkbucl  |9 1427868 
650 0 7 |a farmaceuti  |2 snkbucl  |9 19512 
650 0 7 |a združenia profesionálne  |x organizácia a riadenie  |2 snkbucl  |9 1427869 
650 0 7 |a lekárne  |x ekonomika  |2 snkbucl  |9 1401556 
650 0 7 |a poisťovne zmluvné  |x ekonomika  |2 snkbucl  |9 1401557 
650 0 7 |a zákonodarstvo farmaceutické  |2 snkbucl  |9 1220390 
650 0 7 |a privatizácia  |2 snkbucl  |9 2343 
650 0 7 |a interview (publikačný typ)  |2 snkbucl  |9 1055575 
655 7 |a články z novín a časopisov  |2 snkbucl  |9 267496 
700 1 |a Mihálik, Peter,  |d 1952-  |4 ive  |9 161199 
773 0 |t Lekárnické listy  |g Č. 4 (2001), s. 6  |x 1335-5821 
850 |a Slovenská národná knižnica 
852 |a Slovenská národná knižnica 
954 |a odborná, vedecká literatúra pôvodná (slovenská)  |2 lita 
958 |a article27 
958 |a OND 
958 |a MI 
958 |a EUIPO 
992 |a RBX 
999 |c 2888024  |d 2889954